000 00783nam a2200217 i 4500
001 148459
003 ES-MaACL
005 20250729050628.0
007 t|
008 070214s1963 sp r ||||1| spa d
100 1 _aStreeter, Victor L.
_9108417
245 1 0 _aMecánica de los fluídos /
_cVictor L. Streeter ; traducido y revisado por José Seijas Domínguez ; con la colaboración de: F. Díaz de la Cruz Cuesta.
250 _a2ª ed.
260 _aMadrid :
_bCastillo,
_c1963 (
_fCastilla)
300 _aVIII, 486 p. :
_bil. ;
_c24 cm +
_e1 gráf. pleg.
650 0 7 _aMecánica de fluidos
_2embne
_914877
700 1 _aSeijas Domínguez, José.
_9105261
700 1 _aDíaz de la Cruz Cuesta, F.
_944232
852 _aES-MaACL
_jC-23585
_bR.52411
999 _c148459
_d148459